000 00582cab a2200217 4500
001 X215
008 090401t1992 xxu||||| |||| 00| 0 eng d
035 _a(Sirsi) u64444
041 _aeng
245 _aBrowne v Perry
260 _c1992
350 _a0
490 _aProperty and Compensation Reports
_v(1992) 64 PCR 228-232(3)
520 _aPrivy Council 14 October 1991.
650 _aACKNOWLEDGEMENT OF TITLE
650 _aADVERSE POSSESSION
650 _aREGISTERED LAND ACT 1975
690 _aPROPERTY LAW AND PRACTICE-CASE LAW
942 _n0
948 _c04/03/1997
999 _c40140
_d40140